Correspondencia

Saved in:
Bibliografiske detaljer
Hovedforfatter: Cezanne, Paul (Author)
Format: Bog
Sprog:spansk
Udgivet: Madrid Visor 1991
Serier:La balsa de la Medusa, 44
Fag:
Tags: Tilføj Tag
Ingen Tags, Vær først til at tagge denne postø!

MARC

LEADER 00000nam a2200000 a 4500
001 UCY0510
003 CL-VaPUC
008 940803e19910000SP |||||||||||||||||spa|d
082 0 4 |a 846  |b CEZ  |2 21 
100 0 |a Cezanne, Paul  |e author  |9 267026 
245 1 0 |a Correspondencia 
300 |a 423 p 
942 |c BK 
945 |d 19940803 00:00:00  |a oaravena 
260 |a Madrid  |b Visor  |c 1991 
600 0 7 |a ZOLA, EMILE  |2 CL-VaPUC  |9 316220 
650 0 |a Correspondencia  |9 258963 
583 |a last modification  |c 19940803 00:00:00  |k Rodrigo Vera 
490 0 |a La balsa de la Medusa, 44 
999 |c 229499  |d 229497 
952 |0 0  |1 0  |4 0  |6 846_000000000000000_CEZ_1991  |7 0  |8 A  |9 230720  |a BIBHIS  |b BIBHIS  |d 2019-11-15  |i 2999994  |o 846 CEZ 1991  |p 2999994  |r 2025-01-20  |w 2019-11-15  |y BK  |k HIS